[Event "Moscow Smyslov-C"]
[Site "Moscow"]
[Date "2025.06.02"]
[Round "1"]
[White "Zakharova, Milana"]
[Black "Mirzoev, Tabriz Z"]
[Result "0-1"]
[WhiteElo "1767"]
[BlackElo "1677"]
[PlyCount "96"]
[EventDate "2025.06.02"]
[EventType "swiss"]
[EventRounds "8"]
[EventCountry "RUS"]
[SourceTitle "CB29_2025"]
[SourceDate "2025.07.16"]
[SourceVersion "1"]
[SourceVersionDate "2025.07.16"]
[SourceQuality "1"]

1. d4 Nf6 2. Nf3 g6 3. Bf4 Bg7 4. e3 0-0 5. Be2 d6 6. h3 Nc6 7. 0-0 e5 8. Bh2 Qe7 9. c4 Ne4 10. d5 Nd8 11. Nfd2 Nxd2 12. Qxd2 Bf5 13. Nc3 Bd7 14. b4 b6 15. Rac1 Nb7 16. Bd1 a5 17. a3 axb4 18. axb4 Ra3 19. Nb1 Ra7 20. Bb3 Rfa8 21. c5 bxc5 22. bxc5 Ba4 23. Bxa4 Rxa4 24. Nc3 R4a5 25. cxd6 cxd6 26. Ne2 Nc5 27. Rb1 Ra2 28. Rb2 R2a3 29. Rfb1 Qa7 30. Kh1 Nd3 31. Rb7 Nxf2+ 32. Kg1 Ne4 33. Rxa7 Nxd2 34. Rxa8+ Rxa8 35. Rd1 Nc4 36. Rd3 Ra3 37. Rxa3 Nxa3 38. Nc3 Bh6 39. Kf2 Nc4 40. Nd1 Kf8 41. Ke2 e4 42. Bg1 Bg7 43. Bf2 Be5 44. Be1 Nb6 45. Bc3 Nxd5 46. Bxe5 dxe5 47. Nf2 Nb6 48. Nxe4 Na4 0-1